000 01321nam a22003737a 4500
003 CHAP
005 20220329141305.0
008 971010s1980 r 00010 d
010 _a65862
011 _a66834
035 _a75816
040 _cCHAP
090 _aTesis
100 0 0 _aIbarra Rodríguez, Miguel Angel.
_957188
245 _aEvaluación regional de genotipos de maíz en el sur de Tamaulipas y cálculo de los parámetros de estabilidad
260 _aChapingo, Méx. :
_bEl autor,
_c1980
300 _a77 h.
_b; láms.
502 _aTesis (Ing. Agr. Esp. en Fitotecnia) -- UACH. Departamento de Fitotecnia
590 _aALEPH
_b10
_c20130110
_lUCH01
_h1358
590 _aBATCH-UPD
_b10
_c20130110
_lUCH01
_h0305
590 _aBATCH-UPD
_b10
_c20130110
_lUCH01
_h1720
590 _aBATCH-UPD
_b10
_c20130409
_lUCH01
_h2336
590 _aBATCH-UPD
_b10
_c20130410
_lUCH01
_h1408
590 _aBATCH-UPD
_b10
_c20130914
_lUCH01
_h1708
590 _aCONVERSION
_b10
_c20130109
_lUCH01
_h1336
650 1 4 _aMaíz
_xEfecto del medio ambiente.
_970935
650 1 4 _aMaíz
_xGenética.
_970963
650 1 4 _aMaíz
_xTamaulipas.
_971067
901 _aBK
942 _cFOLL
949 _bBC
_cTES
_d-144897
_eTS1
_i75816
_si
949 _bBC
_cTES
_d-144898
_eTS2
_fc.2
_i75816
_si
949 _bZA
_cTESBD
_d-8796
_eTS1
_h142
_i75816
_si
999 _c65862
_d65862